Cyclic Nucleotide Signaling and the Cardiovascular System (Record no. 46173)

MARC details
000 -LEADER
fixed length control field 02496nam a2200241Ia 4500
000 - LEADER
fixed length control field 02803naaa 00301uu
001 - CONTROL NUMBER
control field https://directory.doabooks.org/handle/20.500.12854/44479
005 - DATE AND TIME OF LATEST TRANSACTION
control field 20260218105621.0
008 - FIXED-LENGTH DATA ELEMENTS--GENERAL INFORMATION
fixed length control field 211013s9999 xx 000 0 und d
020 ## - INTERNATIONAL STANDARD BOOK NUMBER
International Standard Book Number 9783038429890
042 ## - AUTHENTICATION CODE
Authentication code dc
245 #0 - TITLE STATEMENT
Title Cyclic Nucleotide Signaling and the Cardiovascular System
260 ## - PUBLICATION, DISTRIBUTION, ETC.
Name of publisher, distributor, etc. MDPI - Multidisciplinary Digital Publishing Institute
Date of publication, distribution, etc. 2018
300 ## - PHYSICAL DESCRIPTION
Extent 1 electronic resource (XII, 294 p.)
520 ## - SUMMARY, ETC.
Summary, etc. The cyclic nucleotides 3',5'-adenosine monophosphate (cAMP) and 3',5'-cyclic guanosine monophosphate (cGMP) play important roles in the control of cardiovascular function under physiological and pathological conditions. In this book, which is a reprint of a Special Issue of the Journal of Cardiovascular Development and Disease entitled Cyclic Nucleotide Signaling and the Cardiovascular System, internationally recognized experts give an overview of this vibrant scientific field. The first series of articles deal with the localization and function of membrane-bound and soluble adenylate cyclases, followed by articles on the roles of phosphodiesterase isoforms in the heart. Cyclic nucleotide signaling takes place in nanodomains and the A-kinase anchor proteins (AKAPS) are essential for the compartmentalized assembly of signaling proteins into functional complexes. Reviews on the role of AKAP proteins in the physiology and pathophysiology of the heart are also included in this book. Cyclic nucleotides act through effector proteins and articles on EPAC and POPDC proteins inform the reader of recent developments on these topics. A major advancement in our understanding of cyclic nucleotide signaling came through the use of genetically encoded cAMP sensor molecules, and a series of articles review the current insight that these reporter molecules have provided. The final set of articles in this book deals with the association of the cyclic nucleotide pathway and cardiovascular disease as well as the development of novel therapeutic approaches. Thomas Brand and Enno Klussmann Special Issue Editors
540 ## - TERMS GOVERNING USE AND REPRODUCTION NOTE
Terms governing use and reproduction Creative Commons
653 ## - INDEX TERM--UNCONTROLLED
Uncontrolled term effector proteins
700 1# - ADDED ENTRY--PERSONAL NAME
Personal name Enno Klussmann
Relator term editor
700 1# - ADDED ENTRY--PERSONAL NAME
Personal name Thomas Brand
Relator term editor
856 ## - ELECTRONIC LOCATION AND ACCESS
Uniform Resource Identifier <a href="https://docs.google.com/spreadsheets/d/1yKIrdCPDAG_9c22mwoOIO2DOhtj65Wqa/edit?usp=sharing&ouid=106555315294820607512&rtpof=true&sd=true ">https://docs.google.com/spreadsheets/d/1yKIrdCPDAG_9c22mwoOIO2DOhtj65Wqa/edit?usp=sharing&ouid=106555315294820607512&rtpof=true&sd=true </a>
Link text List of Curated E-Books
942 ## - ADDED ENTRY ELEMENTS (KOHA)
Koha item type E-Book
Holdings
Withdrawn status Source of classification or shelving scheme Damaged status Not for loan Home library Current library Date acquired Total Checkouts Date last seen Price effective from Koha item type
  Library of Congress Classification   Not For Loan Directory of Open Access Books Directory of Open Access Books 12/22/2021   12/22/2021 12/22/2021 E-Book

University of Rizal System
Email us at univlibservices@urs.edu.ph

Visit our Website www.urs.edu.ph/library